• 首页
  • 本馆介绍
  • 公告通知
  • 最新文献
  • 馆藏检索
  • 电子资源
  • 读者导购
  • 参考咨询
  • 我的图书馆
  • 登录
  • 详细信息显示
  • 放入我的书架
  • 预约/预借图书
  • 作者相关作品
  • 分类相关作品
  • 丛书相关作品
  • 出版社相关作品

书目信息

  • 表格格式
  • 工作单格式
  • 卡片格式
题名:
双金属钴配合物催化二氧化碳与内消旋环氧烷烃共聚
    
 
作者: 刘野 著
分册:  
出版信息: 大连   大连理工大学出版社  2018
页数: 198页
开本: 23cm
丛书名: 大连理工大学学术文库
单 册:
中图分类: O613.71
科图分类:
主题词: 二氧化碳--Er Yang Hua Tan--生物降解--研究
电子资源:
ISBN: 978-7-5685-1598-6
000 01140nam 2200313 45
001 012001003371
005 20140130115115.0
010    @a978-7-5685-1598-6@dCNY45.00
099    @aCAL 012018179157
100    @a20181120d2018 em y0chiy50 ea
101 0  @achi
102    @aCN@b210000
105    @aak a 000yy
106    @ar
200 1  @a双金属钴配合物催化二氧化碳与内消旋环氧烷烃共聚@AShuang Jin Shu Gu Pei He Wu Cui Hua Er Yang Hua Tan Yu Nei Xiao Xuan Huan Yang Wan Ting Gong Ju@f刘野著
210    @a大连@c大连理工大学出版社@d2018
215    @a198页@c图@d23cm
225 2  @a大连理工大学学术文库@ADa Lian Li Gong Da Xue Xue Shu Wen Ku
300    @a本书由大连市人民政府资助出版
304    @a并列题名中的数字2为字母CO的右下角标
312    @a英文题名取自封面
320    @a有书目 (第173-198页)
410  0 @12001 @a大连理工大学学术文库
510 1  @aDinuclear cobalt-complex-mediated copolymerization CO2 with meso-epoxides@zeng
606 0  @a二氧化碳@AEr Yang Hua Tan@x生物降解@x研究
690    @aO613.71@v5
701  0 @a刘野@ALiu Ye@f1984-@4著
801  0 @aCN@b北京卓展@c20191020
905    @b1211394-7@dO613.71@e10@f4
    
    双金属钴配合物催化二氧化碳与内消旋环氧烷烃共聚/刘野著.-大连:大连理工大学出版社,2018
    198页:图;23cm.-(大连理工大学学术文库)
    本书由大连市人民政府资助出版
    
    ISBN 978-7-5685-1598-6:CNY45.00
    
●
相关链接 在E读中查询图书 在五车中查询图书 在当当中查询图书 在豆瓣中查询图书


正题名:双金属钴配合物催化二氧化碳与内消旋环氧烷烃共聚     索取号:O613.71/10         预约/预借

序号 登录号 条形码 馆藏地/架位号 状态 备注
1 1211394   212113942   第二样本阅览室/ [索取号:O613.71/10] 在馆    
2 1211395   212113951   第三借阅区/ [索取号:O613.71/10] 在馆    
3 1211396   212113960   第三借阅区/ [索取号:O613.71/10] 在馆    
4 1211397   212113979   第三借阅区/ [索取号:O613.71/10] 在馆    
唐山师范学院图书馆 欢迎您!
大连网信软件有限公司© 版权所有